Slovenskí hotelieri pripravujú stratégiu do roku 2005, ktorá má zabrániť zániku takmer polovice hotelov

Zväz hotelov a reštaurácií (ZHR) Slovenskej republiky - súčasná základňa 114 členov. Členovia ZHR - riadni, pridružení, čestní. Potreba vypracovania stratégie prežitia do r.2005 - zlepšenie ekonomického riadenia hotelov, modernizácia, výpočtová technika, ekologizácia, vzájomná spolupráca. Príprava p...

ver descrição completa

Na minha lista:
Detalhes bibliográficos
Autor principal: Kuminiaková, V.
Formato: Capítulo de Livro
Idioma:eslovaco
Assuntos:
Tags: Adicionar Tag
Sem tags, seja o primeiro a adicionar uma tag!

MARC

LEADER 00000naa a2200000 4500
001 r026222
005 20230921080439.0
041 0 |a slo 
044 |a SK 
245 1 0 |a Slovenskí hotelieri pripravujú stratégiu do roku 2005, ktorá má zabrániť zániku takmer polovice hotelov  |c V. Kuminiaková 
520 |a Zväz hotelov a reštaurácií (ZHR) Slovenskej republiky - súčasná základňa 114 členov. Členovia ZHR - riadni, pridružení, čestní. Potreba vypracovania stratégie prežitia do r.2005 - zlepšenie ekonomického riadenia hotelov, modernizácia, výpočtová technika, ekologizácia, vzájomná spolupráca. Príprava pravidiel zmluvných vzťahov s cestovnými kanceláriami. ZHR plánuje na august 1997 prvú medzinárodnú výstavu hotelierstva a priemyslu cestovného ruchu Hotel. 
610 2 0 |a hotely 
610 2 0 |a hotelierstvo 
610 2 0 |a Slovensko 
610 2 0 |a 2005 
610 2 0 |a riadenie 
610 2 0 |a modernizácia 
610 2 0 |a technika výpočtová 
610 2 0 |a ekologizácia 
610 2 0 |a výstavy 
610 2 0 |a 1997 
610 2 0 |a Zväz hotelov a reštaurácií SR 
610 2 0 |a kancelárie cestovné 
100 1 |a Kuminiaková, V.